Quiz joueurs passés par le PSG - Statistiques

Statistiques générales
  • Ce quiz a été pris 252 fois
  • Le résultat moyen est 13 sur 16
Statistiques - réponses
Par images Hint Réponse % Correct
Français Christopher Nkunku
95%
Français Hatem Ben Arfa
92%
Espagnol Juan Bernat
89%
Brésilien Maxwell
88%
Italien Salvatore Sirigu
88%
Espagnol Jésé
86%
Français Kevin Gameiro
86%
Français Hugo Ekitike
85%
Argentin Giovani Lo Celso
84%
Allemand Thilo Kehrer
83%
Espagnol Pablo Sarabia
81%
Espagnol Ander Herrera
80%
Portugais Goncalo Guedes
79%
Italien Moïse Kean
78%
Néerlandais Mitchell Bakker
76%
Néerlandais Gregory Van Der Wiel
74%
Aucun quiz correspondant
Distribution des résultats
% des personnes avec chaque résultat
Percentile par nombre de réponses
Votre historique - résultats
Vous n’avez pas pris ce quiz